logo

Bir Sreshtho Munshi Abdur Rouf Library
Jhenaidah Cadet College

A walk to remember / (Record no. 14007)

MARC details
000 -LEADER
fixed length control field 01172cam a2200241 a 4500
001 - CONTROL NUMBER
JCCL Control Number 14007
003 - CONTROL NUMBER IDENTIFIER
JCCL marc code BD-JhCC
005 - DATE AND TIME OF LATEST TRANSACTION
control field 20240523104555.0
008 - FIXED-LENGTH DATA ELEMENTS--GENERAL INFORMATION
fixed length control field 990707s2007 xna 000 1 eng
020 ## - INTERNATIONAL STANDARD BOOK NUMBER
International Standard Book Number 1863252088
Terms of availability $22.95
035 ## - SYSTEM CONTROL NUMBER
system control number (BD-JhCC)14007
035 ## - SYSTEM CONTROL NUMBER
system control number 2089750
040 ## - CATALOGING SOURCE
Original cataloging agency ANL
Modifying agency ANL
-- APLS
041 ## - LANGUAGE CODE
Language code of Book eng
082 00 - DEWEY DECIMAL CLASSIFICATION NUMBER
Classification number 813.54
DDC Edition number 21
Author mark and Year SPA 2007
100 1# - MAIN ENTRY--PERSONAL NAME
Personal name Sparks, Nicholas.
245 12 - TITLE STATEMENT
Title A walk to remember /
Statement of responsibility, etc Nicholas Sparks.
260 ## - PUBLICATION, DISTRIBUTION, ETC. (IMPRINT)
Place of publication, distribution, etc Milsons Point, N.S.W. :
Name of publisher, distributor, etc Bantam,
Date of publication, distribution, etc 2007.
300 ## - PHYSICAL DESCRIPTION
Pagination xi, 240 p. ;
Dimensions 19 cm.
505 ## - FORMATTED CONTENTS NOTE
Formatted contents note 'When I was seventeen, my life changed forever' ... So begins Nicholas Sparks' touching tale of Landon Carter, a teenage boy living in the small town of Beaufort, North Carolina in the late 1950s. Landon is a typical teenager who just wants to have a fun senior year before heading off to college. The last thing he anticipated is Jamie Sullivan, the sweet, pious daughter of the town's Baptist minister. But on the evening of Beaufort's annual Christmas pageant, Landon will undergo a change of heart that will forever alter the course of his life.
651 #0 - SUBJECT ADDED ENTRY--GEOGRAPHIC NAME
Geographic name Beaufort (N.C.)
Form subdivision Fiction.
942 ## - ADDED ENTRY ELEMENTS (KOHA)
Source of classification or shelving scheme Dewey Decimal Classification
Koha item type Books
Holdings
Source of classification or shelving scheme Damaged status Not for loan Home library Current library Shelving location Date of accession Total Checkouts Full call number Barcode Date last seen Date checked out Copy number Method of acquisition Koha item type Currency
Dewey Decimal Classification     JCC Rouf Library JCC Rouf Library General Stacks   8 813.54 SPA 2007 19469 07/27/2025 07/23/2025 C-1 Purchase Books BDT

JCC Library | Contacts | JCC Home

Last Update on 23 September 2017
Copyright @ 2017-2020 JCC Rouf Library
Rouf Library, Jhenidah Cadet College (JCC), Bangladesh